LEADER 01198nam a2200277 i 4500 001 000000038525 003 CaOOAMICUS 005 19950422000000.0 008 950422s1991 it u000 u ita u 013 $a9117 020 $a88-215-2127-3 040 $aSeMil$bita 245 12$aI cattolici nel mondo contemporaneo (1922-1958) /$ca cura di Maurilio Guasco, Elio Guerriero, Francesco Traniello. 260 $aAlba :$bPaoline,$c1991. 300 $a786 p., [40] p. di tav. 650 4$aChiesa - Storia - Sec. 20.-21.$0(OLS)http://semarc/subject/686 700 1 $aGuasco, Maurilio,$d<1939- >.$0(OLS)http://semarc/name/3478 700 1 $aTraniello, Francesco,$d<1936- >.$0(OLS)http://semarc/name/602 700 1 $aGuerriero, Elio,$d<1948- >.$0(OLS)http://semarc/name/487 773 0 $tStoria della Chiesa.$g23$w()137 850 $aSeMil 852 $aSeMil$W1$xVenegono$y1$mSL1.F VII 23$j4680$B4680$CSeMilBibl$Z2$F4680 $8I 961 $aAcquisto: Casa editrice 996 $6020$a88-215-2127-3$9(OLS)http://semarc/number/7830 996 $6245$aI cattolici nel mondo contemporaneo (1922-1958)$9(OLS)http://semarc/title/54410 996 $6260$aAlba :$bPaoline$9(OLS)http://semarc/publisher/29692 LEADER 00943naa a2200181 i 4500 001 000000306701 003 CaOOAMICUS 005 20180831172902.0 008 180831n it u000 u ita u 013 $a15232 040 $aSeMil$bita 100 1 $aCastellano Cervera, Jesús,$c.$0(OLS)http://semarc/name/37945 245 12$aL'immagine pasquale di Maria nel tetravangelo siriaco di Rabbula di Edessa. 600 04$aRabbula : di Edessa .$0(OLS)http://semarc/subject/43546 600 04$aMaria .$0(OLS)http://semarc/subject/5190 600 04$aMadonna.$0(OLS)http://semarc/subject/10153 773 0 $tFons Lucis.$dRoma : Marianum, 2004.$kScripta Pontificiae Facultatis Theologicae «Marianum»$kScripta Pontificiae Facultatis Theologicae «Marianum». Nova Series$gp.333-346$w()124391 996 $6245$aL'immagine pasquale di Maria nel tetravangelo siriaco di Rabbula di Edessa$9(OLS)http://semarc/title/382107